Waves (Volume III) (Record no. 11565)

MARC details
000 -LEADER
fixed length control field 00504 a2200205 4500
001 - CONTROL NUMBER
control field 138821
003 - CONTROL NUMBER IDENTIFIER
control field OSt
005 - DATE AND TIME OF LATEST TRANSACTION
control field 20210922170513.0
008 - FIXED-LENGTH DATA ELEMENTS--GENERAL INFORMATION
fixed length control field
020 ## - INTERNATIONAL STANDARD BOOK NUMBER
International Standard Book Number 9780070702172
082 ## - DEWEY DECIMAL CLASSIFICATION NUMBER
Classification number 530
Item number C85W
100 1# - MAIN ENTRY--PERSONAL NAME
Personal name Crawford, Frank S.
245 1# - TITLE STATEMENT
Title Waves (Volume III)
Statement of responsibility, etc by Frank S. Crawford
260 ## - PUBLICATION, DISTRIBUTION, ETC. (IMPRINT)
Place of publication, distribution, etc New Delhi
Name of publisher, distributor, etc McGraw Hill
Date of publication, distribution, etc 2011
300 ## - PHYSICAL DESCRIPTION
Extent 626p.
490 ## - SERIES STATEMENT
Series statement berkeley physics course; no. 3
630 ## - SUBJECT ADDED ENTRY--UNIFORM TITLE
Uniform title Physics
630 ## - SUBJECT ADDED ENTRY--UNIFORM TITLE
Uniform title Waves
942 ## - ADDED ENTRY ELEMENTS (KOHA)
Source of classification or shelving scheme Dewey Decimal Classification
Koha item type Books
Holdings
Withdrawn status Lost status Source of classification or shelving scheme Damaged status Not for loan Collection code Home library Current library Date acquired Source of acquisition Cost, normal purchase price Full call number Barcode Date last seen Price effective from Koha item type Total Checkouts Date checked out
    Dewey Decimal Classification     General Text Book Central University Of Rajasthan Central University Of Rajasthan 12/03/2014 PHY 0.00 530 C85W 14490 21/11/2024 02/09/2020 Books    
    Dewey Decimal Classification     General Text Book Central University Of Rajasthan Central University Of Rajasthan 12/03/2014 PHY 0.00 530 C85W 14491 03/03/2025 02/09/2020 Books 1 14/02/2025
    Dewey Decimal Classification     General Text Book Central University Of Rajasthan Central University Of Rajasthan 12/03/2014 PHY 0.00 530 C85W 14492 21/11/2024 02/09/2020 Books    
    Dewey Decimal Classification   Not For Loan Reserve Text Book Central University Of Rajasthan Central University Of Rajasthan 12/03/2014 PHY 0.00 530 C85W 14493 21/11/2024 02/09/2020 Books    
    Dewey Decimal Classification     General Text Book Central University Of Rajasthan Central University Of Rajasthan 12/03/2014 PHY 0.00 530 C85W 14489 21/11/2024 02/09/2020 Books 2 17/05/2022